| 000 | 00991nam a22002537a 4500 | ||
|---|---|---|---|
| 005 | 20090624143421.0 | ||
| 008 | 090624t xxu||||| |||| 00| 0 eng d | ||
| 010 | _aENG-94228 | ||
| 020 |
_a9788184570540 _c850.00 |
||
| 035 | _aEN-77761 | ||
| 037 | _bDBAD / VEN | ||
| 040 |
_adpl _bEnglish |
||
| 082 | _a352.10954 | ||
| 245 |
_aFinancial management of Panchayati Raj system / _cedited by M.R. Biju |
||
| 260 |
_aNew Delhi _bKanishka Publishers, Distributors _c2008 |
||
| 270 |
_a4697/5-21A, Ansari Road, Darya Ganj, _bNew Delhi _e110002 |
||
| 300 |
_ax, 333p. _c22cm(Hb) |
||
| 500 | _aIncludes index | ||
| 650 |
_aLocal finance _zIndia |
||
| 700 | _aBiju, M.R. | ||
| 942 |
_2ddc _cEN _mFIN _h352.10954 |
||
| 999 |
_c27850 _d27850 |
||